Terminaisons de capitales les plus courantes - Statistiques

Statistiques générales
  • Ce quiz a été pris 85 fois
  • Le résultat moyen est 15 sur 23
Statistiques - réponses
Nombre Terminaison Exemples % Correct
3 is Paris, Port-Louis, Tunis
96%
6 es Athènes, Buenos Aires, Castries, Londres...
88%
8 ne Berne, Gaborone, La Havane, Vientiane...
88%
4 on Asuncion, Kingston, Washington, Wellington
88%
5 in Berlin, Pékin, Dublin, Bloemfontein...
86%
4 re Basseterre, Harare, Le Caire, Sucre
84%
5 ra Ankara, Accra, Canberra, Honiara...
81%
7 ia Apia, Brasilia, Pretoria, Sofia...
75%
5 le Brazzaville, Libreville, Manille, Malé...
74%
6 an Amman, Belmopan, Erevan, Téhéran...
73%
5 na Astana, Ljubljana, Ndjaména, Pristina...
73%
5 ou Bakou, Katmandou, Moscou, Thimphou...
73%
3 me Lomé, Rome, Sao Tomé
71%
4 ma Dodoma, Lima, Manama, Panama
68%
3 te La Valette, Mascate, Sri Jayawardenapura Kotte
62%
3 la Guatemala, Kampala, Port-Vila
57%
3 ue Copenhague, Prague, Saint-Domingue
55%
3 li Dili, Kigali, Tripoli
48%
3 ul Banjoul, Kaboul, Séoul
47%
3 ad Bagdad, Islamabad, Riyad
42%
3 vo Antananarivo, Porto-Novo, Sarajevo
34%
4 au Bissau, Chisinau, Nassau, Roseau
27%
4 wn Bridgetown, Freetown, Georgetown, Kingstown
23%
Aucun quiz correspondant
Distribution des résultats
% des personnes avec chaque résultat
Percentile par nombre de réponses
Votre historique - résultats
Vous n’avez pas pris ce quiz